000 00435nam a2200157Ia 4500
008 210210b2000 xxu||||| |||| 00| 0 eng d
020 _a81 7446 203 1
082 _a001.64404 DIWE
100 _aDIWAN (Parag) and SHARMA (Sunil).
245 _aElectronic commerce: manager's guide to e-business.
260 _aN D
_bExcel Books
_c2000
300 _axiv,363
650 _aE-Commerce
690 _aComputer Networks
906 _a060711
999 _c107428
_d107428